Dois bons Amigos (Registo nº 31120)

Detalhes MARC
000 -Etiqueta do registo
Valores 00430nam a2200193 4500
090 ## -
-- 31120
100 ## - Dados gerais de processamento
Dados gerais 20100615d c 0pory5003 ba
101 ## - Língua de publicação
-- por
102 ## - País de publicação
-- PT
105 ## -
-- a z 000fy
200 1# - Titulo e menção de responsabilidade
Título próprio Dois bons Amigos
210 ## - Publicação
Local de publicação s.l.
Nome do editor EP - Malteses
Data de publicação s.d.
215 ## - Descrição física 
Paginação / Volumes 13 p.
Dimensões 21 cm
225 2# - Colecção 
Título próprio da colecção Serelepe
675 ## - CDU
Notação 087.5
Edição BNL
Língua por
930 ## -
-- BECRE
990 ## - Elementos KOHA
Tipo de documento Livro
995 ## - Localização e informação dos exemplares
-- 18
Exemplares
Situação do levantamento Estado Biblioteca de origem Biblioteca de empréstimo Código de barras Cota Permissão de empréstimo Tipo de documento
  Completo Biblioteca da Escola Básica e Secundária Dr Isidoro de Sousa Biblioteca da Escola Básica e Secundária Dr Isidoro de Sousa 1602bvEV 087.5 SER Disponível Livro




Powered by Koha